Nicknames of Malaysian states - Statistics

General Stats
  • This quiz has been taken 118 times
  • The average score is 13 of 15
Answer Stats
Descriptions Answer % Correct
Land Below the Wind Sabah
97%
Muddy Estuary Kuala Lumpur
93%
Abode of Dignity Johor
91%
Abode of Safety Kedah
91%
State of History Malacca
89%
Abode of Bliss Kelantan
88%
Island of Pearl Penang
88%
Land of Dreams Perlis
88%
Administrative Capital Putrajaya
88%
Abode of Tranquility Pahang
83%
Abode of Grace Perak
83%
Abode of Exception Negeri Sembilan
82%
Abode of Faith Terengganu
82%
Pearl of Borneo Labuan
81%
Abode of Sincerity Selangor
79%
No matching quizzes found
Score Distribution
Percent of People with Each Score
Percentile by Number Answered
Your Score History
You have not taken this quiz